Propuesta de manual para las buenas prácticas de manufactura en base a la Norma RTCA 67.01.33.06 que asegure la inocuidad y calidad de los productos alimenticios y bebidas manufacturadas en la empresa Nicaragua Agroindustrial S.A-NAISA, de la ciudad de Managua, municipio de Managua

La investigación presenta una propuesta de un manual para las buenas prácticas de manufactura en base a la Norma RTCA 67.01.33.06 que asegure la inocuidad y calidad de los productos alimenticios y bebidas manufacturadas en la empresa Nicaragua Agroindustrial S.A – NAISA.

Bibliographic Details
Main Authors: Vargas Martínez, Katherine Jaell, Hernández Fajardo, Bayardo Antonio
Other Authors: Tutor: Cáceres Antón, Juan Agustín
Format: Tesis Section = Libro
Language:Undetermined
Spanish
Published: Managua UNI 2021
Subjects:
LEADER 01365nam a2200277Ia 4500
008 240830s9999 xx 000 0 und d
040 |a BIBLIOTECA-RUPAP/ Mon 664.07 V297 
041 |a spa 
082 |a Mon 664.07 V297 
100 1 |a Vargas Martínez, Katherine Jaell 
100 1 |b Hernández Fajardo, Bayardo Antonio 
245 1 0 |a Propuesta de manual para las buenas prácticas de manufactura en base a la Norma RTCA 67.01.33.06 que asegure la inocuidad y calidad de los productos alimenticios y bebidas manufacturadas en la empresa Nicaragua Agroindustrial S.A-NAISA, de la ciudad de Managua, municipio de Managua 
260 |a Managua  |b UNI  |c 2021 
300 |a 55 p.:il. 
500 |a Contiene: anexos y CD. 
502 |a Tesis (Ingeniero Industrial) - UNI, 2021. 
520 3 |a La investigación presenta una propuesta de un manual para las buenas prácticas de manufactura en base a la Norma RTCA 67.01.33.06 que asegure la inocuidad y calidad de los productos alimenticios y bebidas manufacturadas en la empresa Nicaragua Agroindustrial S.A – NAISA. 
650 7 |a SEGURIDAD ALIMENTICIA 
650 7 |b  HIGIENE DE LOS ALIMENTOS 
650 7 |c  CONTROL DE ALIMENTOS 
650 7 |d  REGLAENTO TECNICO CENTROAMERICANO 
650 7 |e  NORMALIZACION 
700 1 |a Tutor:  |b Cáceres Antón, Juan Agustín 
942 |c BK  |2 ddc 
991 |a TESIS 
999 |c 19118